Manual de F.U.T.: fondo de utilidades tributables
Salvato in:
| Autori principali: | , |
|---|---|
| Natura: | Libro |
| Lingua: | spagnolo |
| Pubblicazione: |
Santiago
CEPET
2005
|
| Edizione: | 3a. ed |
| Soggetti: | |
| Tags: |
Aggiungi Tag
Nessun Tag, puoi essere il primo ad aggiungerne!!
|
MARC
| LEADER | 00000nam a2200000 a 4500 | ||
|---|---|---|---|
| 001 | UCK6224 | ||
| 003 | CL-VaPUC | ||
| 008 | 050909e20050800CL |||||||||||||||||spa|d | ||
| 020 | |a 9567583315 | ||
| 082 | 0 | 4 | |a 336.2 |b CON |2 21 |
| 100 | 0 | |a Contreras Urzúa, Hugo |e author |9 495275 | |
| 700 | 0 | |a González Silva, Leonel |e author |9 495276 | |
| 245 | 1 | 0 | |a Manual de F.U.T.: fondo de utilidades tributables |
| 250 | |a 3a. ed | ||
| 300 | |a 744 p | ||
| 942 | |c BK | ||
| 945 | |d 20050909 00:00:00 |a jcarroza | ||
| 260 | |a Santiago |b CEPET |c 2005 | ||
| 650 | 0 | |a Impuesto a la renta |9 258171 | |
| 650 | 0 | |a Tributación |9 258429 | |
| 650 | 0 | |a Sociedades anónimas |9 255387 | |
| 650 | 0 | |a Derecho tributario |9 258895 | |
| 583 | |a last modification |c 20050909 00:00:00 |k Rodrigo Vera | ||
| 999 | |c 314527 |d 314525 | ||
| 952 | |0 0 |1 0 |4 0 |6 336_200000000000000_CON_2005 |7 0 |8 P |9 386864 |a BIBGIM |b BIBGIM |d 2019-11-22 |i 4163095 |o 336.2 CON 2005 |p 4163095 |r 2025-01-15 |w 2019-11-22 |y BK |k COM | ||
| 952 | |0 0 |1 0 |4 0 |6 336_200000000000000_CON_2005 |7 0 |8 P |9 386865 |a BIBGIM |b BIBGIM |d 2019-11-22 |i 4163109 |o 336.2 CON 2005 |p 4163109 |r 2025-01-15 |w 2019-11-22 |y BK |k COM | ||
| 952 | |0 0 |1 0 |4 0 |6 336_200000000000000_CON_2005 |7 0 |8 P |9 386866 |a BIBGIM |b BIBGIM |d 2019-11-22 |i 4163117 |o 336.2 CON 2005 |p 4163117 |r 2025-01-15 |w 2019-11-22 |y BK |k COM | ||
| 952 | |0 0 |1 0 |4 0 |6 336_200000000000000_CON_2005 |7 0 |8 P |9 386867 |a BIBGIM |b BIBGIM |d 2019-11-22 |i 4163125 |o 336.2 CON 2005 |p 4163125 |r 2025-01-15 |w 2019-11-22 |y BK |k COM | ||
| 952 | |0 0 |1 0 |4 0 |6 336_200000000000000_CON_2005 |7 0 |8 P |9 386868 |a BIBGIM |b BIBGIM |d 2019-11-22 |i 4163133 |o 336.2 CON 2005 |p 4163133 |r 2025-01-15 |w 2019-11-22 |y BK |k COM | ||
| 952 | |0 0 |1 0 |4 0 |6 336_200000000000000_CON_2005 |7 0 |8 P |9 386869 |a BIBGIM |b BIBGIM |d 2019-11-22 |i 4163141 |o 336.2 CON 2005 |p 4163141 |r 2025-01-15 |w 2019-11-22 |y BK |k COM | ||
| 952 | |0 0 |1 0 |4 0 |6 336_200000000000000_CON_2005 |7 0 |8 P |9 386870 |a BIBGIM |b BIBGIM |d 2019-11-22 |i 416315K |o 336.2 CON 2005 |p 416315K |r 2025-01-15 |w 2019-11-22 |y BK |k COM | ||
| 952 | |0 0 |1 0 |4 0 |6 336_200000000000000_CON_2005 |7 0 |8 P |9 386871 |a BIBGIM |b BIBGIM |d 2019-11-22 |i 4163168 |o 336.2 CON 2005 |p 4163168 |r 2025-01-15 |w 2019-11-22 |y BK |k COM | ||
| 952 | |0 0 |1 0 |4 0 |6 336_200000000000000_CON_2005 |7 0 |8 P |9 386872 |a BIBGIM |b BIBGIM |d 2019-11-22 |i 4163176 |o 336.2 CON 2005 |p 4163176 |r 2025-01-15 |w 2019-11-22 |y BK |k COM | ||
| 952 | |0 0 |1 0 |4 0 |6 336_200000000000000_CON_2005 |7 0 |8 P |9 386873 |a BIBGIM |b BIBGIM |d 2019-11-22 |i 4163184 |o 336.2 CON 2005 |p 4163184 |r 2025-01-15 |w 2019-11-22 |y BK |k COM | ||
| 952 | |0 0 |1 0 |4 0 |6 336_200000000000000_CON_2005 |7 0 |8 P |9 386874 |a BIBGIM |b BIBGIM |d 2019-11-22 |i 4189590 |o 336.2 CON 2005 |p 4189590 |r 2025-01-15 |w 2019-11-22 |y BK |k COM | ||
| 952 | |0 0 |1 0 |4 0 |6 336_200000000000000_CON_2005 |7 0 |8 P |9 386875 |a BIBGIM |b BIBGIM |d 2019-11-22 |i 4189604 |o 336.2 CON 2005 |p 4189604 |r 2025-01-15 |w 2019-11-22 |y BK |k COM | ||
| 952 | |0 0 |1 0 |4 0 |6 336_200000000000000_CON_2005 |7 0 |8 P |9 386876 |a BIBGIM |b BIBGIM |d 2019-11-22 |i 4189612 |o 336.2 CON 2005 |p 4189612 |r 2025-01-15 |w 2019-11-22 |y BK |k COM | ||
| 952 | |0 0 |1 0 |4 0 |6 336_200000000000000_CON_2005 |7 0 |8 P |9 386877 |a BIBGIM |b BIBGIM |d 2019-11-22 |i 4189620 |o 336.2 CON 2005 |p 4189620 |r 2025-01-15 |w 2019-11-22 |y BK |k COM | ||
| 952 | |0 0 |1 0 |4 0 |6 336_200000000000000_CON_2005 |7 0 |8 P |9 386878 |a BIBGIM |b BIBGIM |d 2019-11-22 |i 4189639 |o 336.2 CON 2005 |p 4189639 |r 2025-01-15 |w 2019-11-22 |y BK |k COM | ||
| 952 | |0 0 |1 0 |4 0 |6 336_200000000000000_CON_2005 |7 0 |8 P |9 386879 |a BIBGIM |b BIBGIM |d 2019-11-22 |i 4189647 |o 336.2 CON 2005 |p 4189647 |r 2025-01-15 |w 2019-11-22 |y BK |k COM | ||
| 952 | |0 0 |1 0 |4 0 |6 336_200000000000000_CON_2005 |7 0 |8 P |9 386880 |a BIBGIM |b BIBGIM |d 2019-11-22 |i 4189655 |o 336.2 CON 2005 |p 4189655 |r 2025-01-15 |w 2019-11-22 |y BK |k COM | ||
| 952 | |0 0 |1 0 |4 0 |6 336_200000000000000_CON_2005 |7 0 |8 P |9 386881 |a BIBGIM |b BIBGIM |d 2019-11-22 |i 4189663 |o 336.2 CON 2005 |p 4189663 |r 2025-01-15 |w 2019-11-22 |y BK |k COM | ||
| 952 | |0 0 |1 0 |4 0 |6 336_200000000000000_CON_2005 |7 0 |8 P |9 386882 |a BIBGIM |b BIBGIM |d 2019-11-22 |i 4189671 |o 336.2 CON 2005 |p 4189671 |r 2025-01-15 |w 2019-11-22 |y BK |k COM | ||
| 952 | |0 0 |1 0 |4 0 |6 336_200000000000000_CON_2005 |7 0 |8 P |9 386883 |a BIBGIM |b BIBGIM |d 2019-11-22 |i 418968K |o 336.2 CON 2005 |p 418968K |r 2025-01-15 |w 2019-11-22 |y BK |k COM | ||
| 952 | |0 0 |1 0 |4 0 |6 336_200000000000000_CON_2005 |7 0 |8 P |9 386884 |a BIBGIM |b BIBGIM |d 2019-11-22 |i 4189698 |o 336.2 CON 2005 |p 4189698 |r 2025-01-15 |w 2019-11-22 |y BK |k COM | ||
| 952 | |0 0 |1 0 |4 0 |6 336_200000000000000_CON_2005 |7 0 |8 P |9 386885 |a BIBGIM |b BIBGIM |d 2019-11-22 |i 4189701 |o 336.2 CON 2005 |p 4189701 |r 2025-01-15 |w 2019-11-22 |y BK |k COM | ||
| 952 | |0 0 |1 0 |4 0 |6 336_200000000000000_CON_2005 |7 0 |8 P |9 386886 |a BIBGIM |b BIBGIM |d 2019-11-22 |i 418971K |o 336.2 CON 2005 |p 418971K |r 2025-01-15 |w 2019-11-22 |y BK |k COM | ||
| 952 | |0 0 |1 0 |4 0 |6 336_200000000000000_CON_2005 |7 0 |8 P |9 386887 |a BIBGIM |b BIBGIM |d 2019-11-22 |i 4189728 |o 336.2 CON 2005 |p 4189728 |r 2025-01-15 |w 2019-11-22 |y BK |k COM | ||
| 952 | |0 0 |1 0 |4 0 |6 336_200000000000000_CON_2005 |7 0 |8 P |9 386888 |a BIBGIM |b BIBGIM |d 2019-11-22 |i 4189736 |o 336.2 CON 2005 |p 4189736 |r 2025-01-15 |w 2019-11-22 |y BK |k COM | ||